Crónica de la llave de oro de la Villa de Madrid / (Record no. 176665)
[ view plain ]
| 000 -LEADER | |
|---|---|
| campo de control de longitud fija | 00676nam a22001815i 4500 |
| 001 - NÚMERO DE CONTROL | |
| campo de control | 176665 |
| 003 - IDENTIFICADOR DE NÚMERO DE CONTROL | |
| campo de control | ES-MaACL |
| 005 - FECHA Y HORA DE LA ÚLTIMA TRANSACCIÓN | |
| campo de control | 20230906220145.0 |
| 008 - DATOS DE LONGITUD FIJA--INFORMACIÓN GENERAL | |
| campo de control de longitud fija | 110131s2008 sp af |||| | spa d |
| 020 ## - NÚMERO INTERNACIONAL ESTÁNDAR DEL LIBRO | |
| Número Internacional Estándar del Libro | 978-84-9873-008-1 |
| 080 ## - NÚMERO DE LA CLASIFICACIÓN DECIMAL UNIVERSAL | |
| Número de la Clasificación Decimal Universal | 929.71(460.27 M.) |
| 245 00 - MENCIÓN DEL TÍTULO | |
| Título | Crónica de la llave de oro de la Villa de Madrid / |
| Mención de responsabilidad, etc. | [dirección: Ana Román Martín]. |
| 260 ## - PUBLICACIÓN, DISTRIBUCIÓN, ETC. | |
| Lugar de publicación, distribución, etc. | Madrid : |
| Nombre del editor, distribuidor, etc. | Ayuntamiento de Madrid, Oficina de Estrategia y Acción Internacional "Madrid Global", |
| Fecha de publicación, distribución, etc. | D. L. 2008. |
| 300 ## - DESCRIPCIÓN FÍSICA | |
| Extensión | 334 p. : |
| Otras características físicas | il. col. y n. ; |
| Dimensiones | 31 cm. |
| 610 14 - PUNTO DE ACCESO ADICIONAL DE MATERIA--NOMBRE DE ENTIDAD CORPORATIVA | |
| Nombre de entidad corporativa o nombre de jurisdicción como elemento de entrada | Madrid. |
| Unidad subordinada | Ayuntamiento- |
| Subdivisión general | Condecoraciones. |
| 9 (RLIN) | 144948 |
| 700 1# - ENTRADA AGREGADA--NOMBRE PERSONAL | |
| Nombre de persona | Román Martín, Ana. |
| 9 (RLIN) | 144947 |
| 852 ## - LOCALIZACIÓN | |
| Ubicación | ES-MaACL |
| Número de control de estantería | E-14135 |
| Estatus retirado | Estado de pérdida | Estado de daño | No para préstamo | Biblioteca de origen | Biblioteca actual | Ubicación en estantería | Fecha de adquisición | Fuente de adquisición | Total de préstamos | Signatura topográfica completa | Código de barras | Visto por última vez | Precio de reemplazo | Tipo de ítem Koha |
|---|---|---|---|---|---|---|---|---|---|---|---|---|---|---|
| Biblioteca del Ateneo de Madrid | Biblioteca del Ateneo de Madrid | Depósito 2 | 31/01/2011 | E-14135 | 1185533 | 23/02/2023 | 23/02/2023 | Libro impreso |
